000 00713cam a22002653a 4500
001 10244
003 PGUSA
005 20140828083221.0
008 031101s2003||||xxu|||||s|||||000 | eng d
040 _aPGUSA
_beng
042 _adc
050 4 _aM
245 1 0 _aJohnson "Jass" Blues :
_bFox Trot
_h[electronic resource]
260 _bProject Gutenberg,
_c2003
500 _aRecorded May 10, 1917.
506 _aPublic domain in the USA.
516 _aElectronic text
653 _aFoxtrots
653 _aJazz -- To 1921
700 1 _aJohnson, Arnold,
_d1893-1975
700 1 _aFrisco Jass Band
830 0 _aProject Gutenberg
_v10244
856 4 0 _uhttp://www.gutenberg.org/ebooks/10244
942 _cEB
999 _c239499
_d239499